Provinces of Turkey by population (with a map) - Statistics

General Stats
  • This quiz has been taken 168 times
  • The average score is 30 of 81
Answers on the Map
Answers color-coded by a green-red scale on the quiz's map according to % correct below.
 
Answer Stats
Population First letter Province % Correct
5,792,104 A Ankara
99%
16,002,789 I Istanbul
99%
3,205,959 B Bursa
97%
4,472,984 I İzmir
96%
2,701,219 A Antalya
94%
2,305,975 K Konya
87%
2,291,246 A Adana
83%
2,163,670 G Gaziantep
67%
1,812,527 D Diyarbakır
63%
1,693,269 H Hatay
63%
1,928,395 M Mersin
63%
2,182,369 S Şanlıurfa
60%
1,137,908 V Van
54%
1,474,396 M Manisa
53%
827,962 T Trabzon
50%
1,065,506 D Denizli
49%
770,571 O Ordu
47%
1,159,206 T Tekirdağ
47%
925,969 E Eskişehir
46%
1,449,531 K Kayseri
46%
2,085,938 K Kocaeli
46%
1,265,907 B Balıkesir
45%
1,375,895 S Samsun
45%
565,200 O Osmaniye
44%
584,576 Z Zonguldak
44%
1,055,292 M Muğla
41%
646,926 S Sivas
38%
1,187,926 K Kahramanmaraş
37%
821,793 M Malatya
37%
879,028 M Mardin
37%
306,948 Y Yalova
36%
568,601 C Çanakkale
35%
79,386 T Tunceli
35%
1,155,380 A Aydın
33%
517,578 C Çorum
33%
213,866 I Iğdır
33%
453,801 I Isparta
33%
455,913 G Giresun
32%
601,237 E Elazığ
31%
743,905 E Erzurum
31%
373,891 N Niğde
31%
591,039 T Tokat
31%
381,243 U Uşak
31%
413,810 Y Yozgat
31%
420,421 E Edirne
29%
1,091,946 S Sakarya
29%
413,896 D Düzce
28%
270,245 H Hakkâri
28%
351,683 R Rize
28%
85,107 B Bayburt
27%
642,793 B Batman
26%
505,102 A Ağrı
24%
137,564 G Gümüşhane
24%
586,586 K Kütahya
24%
317,825 N Nevşehir
24%
650,719 A Adıyaman
23%
761,783 A Afyonkarahisar
23%
202,464 C Çankırı
23%
392,198 M Muş
22%
154,965 K Kilis
21%
225,621 S Sinop
21%
568,921 S Şırnak
21%
175,780 A Artvin
19%
328,677 B Bolu
19%
446,295 A Aksaray
18%
376,703 K Kırklareli
18%
340,768 S Siirt
18%
87,617 A Ardahan
17%
294,059 B Bingöl
17%
281,902 B Burdur
17%
245,116 E Erzincan
17%
267,752 K Karaman
17%
266,294 K Kars
17%
269,809 K Kırıkkale
17%
236,954 B Bilecik
13%
362,816 B Bitlis
13%
251,680 K Kırşehir
13%
210,396 B Bartın
12%
385,084 K Kastamonu
12%
349,113 A Amasya
10%
259,767 K Karabük
8%
No matching quizzes found
Score Distribution
Percent of People with Each Score
Percentile by Number Answered
Your Score History
You have not taken this quiz